Energy performance certificate for construction (Record no. 82281)

MARC details
000 -LEADER
fixed length control field 00905cad a22001815a 4500
001 - CONTROL NUMBER
control field E149790
008 - FIXED-LENGTH DATA ELEMENTS--GENERAL INFORMATION
fixed length control field 100426s2009 xxk 000 0 eng d
035 ## - SYSTEM CONTROL NUMBER
System control number (Sirsi) u149790
041 0# - LANGUAGE CODE
Language code of text/sound track or separate title eng
110 2# - MAIN ENTRY--CORPORATE NAME
Corporate name or jurisdiction name as entry element United Kingdom
Subordinate unit Department for Communities and Local Government
-- Planning Portal
9 (RLIN) 5103
245 00 - TITLE STATEMENT
Title Energy performance certificate for construction
Medium [electronic resource]
260 ## - PUBLICATION, DISTRIBUTION, ETC.
Date of publication, distribution, etc. [2009]
520 ## - SUMMARY, ETC.
Summary, etc. Sets out the responsibities of builders for providing an energy performance certificate to the owner when the construction of a new building is completed. When the construction of a new building is completed.
651 #4 - SUBJECT ADDED ENTRY--GEOGRAPHIC NAME
Geographic name United Kingdom
Chronological subdivision
690 ## - LOCAL SUBJECT ADDED ENTRY--TOPICAL TERM (OCLC, RLIN)
Topical term or geographic name as entry element ENVIRONMENTAL AND LAND CONSULTANCY-ENERGY-ENERGY USE-ENERGY USE ASSESSMENT
856 40 - ELECTRONIC LOCATION AND ACCESS
Uniform Resource Identifier <a href="https://www.planningportal.gov.uk/england/government/buildingregs/epc">https://www.planningportal.gov.uk/england/government/buildingregs/epc</a>
Public note View the item free of charge at www.planningportal.gov.uk
942 ## - ADDED ENTRY ELEMENTS (KOHA)
Suppress in OPAC 0
Holdings
Withdrawn status Lost status Source of classification or shelving scheme Damaged status Not for loan Home library Current library Shelving location Date acquired Total Checkouts Full call number Barcode Date last seen Copy number Price effective from Koha item type
    Dewey Decimal Classification     Virtual Virtual Online 26/04/2010   ONLINE PUBLICATION 149790-2001 06/08/2019 1 06/08/2019 Journal article